| 000 | 00471nam a2200169Ia 4500 | ||
|---|---|---|---|
| 999 |
_c20061 _d20061 |
||
| 003 | OSt | ||
| 005 | 20200629135647.0 | ||
| 008 | 190216s9999||||xx |||||||||||||| ||und|| | ||
| 020 | _a0631933301 | ||
| 040 | _coclc | ||
| 082 |
_a930 _bNIC/G |
||
| 100 |
_aNichol, Jon _93317 |
||
| 245 | 4 |
_aThe Greek And Roman World / _cJon Nichol |
|
| 260 |
_bBasil Blackwell Oxford, _c1983. _aEngland: |
||
| 300 | _a48p | ||
| 942 |
_cBK _2ddc _h930 _iNIC/G _k930 _mNIC/G |
||